| 000 | 00374nam a2200133Ia 4500 | ||
|---|---|---|---|
| 008 | 240624s9999 xx 000 0 und d | ||
| 041 | _aeng | ||
| 082 | _a338.5 NEC | ||
| 100 | _aNECHYBA THOMAS J | ||
| 245 | _aMICROECONOMICS AN INTUITIVE APPROACH WIT | ||
| 260 |
_c2011 _aAustralia _bSouth-Western Cengage Learning |
||
| 300 | _axvii, : 1206 : p. : cm. ; 25 | ||
| 365 |
_c _b30 |
||
| 999 |
_c19774 _d19774 |
||